000 00439cam a2200181ua 4500
020 _c12.6
041 _aeng
_h
082 _a828.09
_bLEW/DE
100 _aLewis, Wyndhem .
245 _aDemon of progress in the arts /
_cWyndhem Lewis.
_hTextual Documents
250 _a1 /
_b.
260 _aLondon :
_bMethuen and Co. Ltd ,
_c1955.
300 _a ; .
365 _a12.6
504 _a
942 _cBK
999 _c12636
_d12636